Main Flag Color by First Letter - Whammies - Statistics

General Stats
  • This quiz has been taken 36 times
  • The average score is 15 of 21
Answer Stats
Country Color % Correct
Afghanistan White
83%
Nigeria Green
77%
China Red
77%
Albania Red
77%
Vietnam Red
77%
Cyprus White
77%
Japan White
77%
South Korea White
77%
Israel White
77%
Australia Blue
73%
Botswana Blue
73%
Bangladesh Green
73%
Morocco Red
73%
Kazakhstan Blue
70%
Bosnia & Herzegovina Blue
70%
Argentina Blue
70%
Pakistan Green
70%
Peru Red
67%
Taiwan Red
63%
Montenegro Red
63%
Nicaragua Blue
60%
No matching quizzes found
Score Distribution
Percent of People with Each Score
Percentile by Number Answered
Your Score History
You have not taken this quiz